<?xml version="1.0" encoding="UTF-8"?>
<collection xmlns="http://www.loc.gov/MARC21/slim">
    <record>
        <controlfield tag="001">47990</controlfield>
        <controlfield tag="005">20160303123204.0</controlfield>
        <datafield tag="037" ind1=" " ind2=" ">
            <subfield code="a">TAZ-TFG-2015-854</subfield>
        </datafield>
        <datafield tag="041" ind1=" " ind2=" ">
            <subfield code="a">spa</subfield>
        </datafield>
        <datafield tag="100" ind1="1" ind2=" ">
            <subfield code="a">Recreo Baquedano Ana</subfield>
        </datafield>
        <datafield tag="245" ind1="0" ind2="0">
            <subfield code="a">Usos actuales de las plataformas transanales en la cirugía del cáncer de recto. revisión bibliográfica</subfield>
        </datafield>
        <datafield tag="260" ind1=" " ind2=" ">
            <subfield code="a">Zaragoza</subfield>
            <subfield code="b">Universidad de Zaragoza</subfield>
            <subfield code="c">2015</subfield>
        </datafield>
        <datafield tag="506" ind1=" " ind2=" ">
            <subfield code="a">by-nc-sa</subfield>
            <subfield code="b">Creative Commons</subfield>
            <subfield code="c">3.0</subfield>
            <subfield code="u">http://creativecommons.org/licenses/by-nc-sa/3.0/</subfield>
        </datafield>
        <datafield tag="520" ind1=" " ind2=" ">
            <subfield code="a">El cáncer de recto se ha tratado clásicamente de manera muy radical, realizándose resecciones muy amplias, que dejaban defectos esfinterianos, genitourinarios y ostomías con mala calidad de vida.  Antes de elegir el tipo de tratamiento que se va a realizar, hay que hacer una correcta evaluación preoperatoria con ultrasonidos y resonancia magnética (RM). Con ambas técnicas se ha conseguido un buen estadiaje para el tamaño (T), pero la valoración de los ganglios (N) sigue siendo poco precisa.  Se han desarrollado técnicas endoscópicas para la escisión de lesiones benignas, pero no permiten hacer una valoración adecuada de los márgenes de resección, por lo que su empleo se ha limitado a poca patología. Con el fin de realizar tratamientos conservadores pero oncológicamente seguros, se han creado plataformas transanales como son microcirugía endoscópica transanal (TEM), cirugía transanal mínimamente invasiva (TAMIS) y cirugía de un solo puerto (SILS), que se colocan en el canal anal y permiten introducir herramientas como las de cirugía laparoscópica y realizar la escisión de la lesión con amplios márgenes de resección. Ambas técnicas se están utilizando para el tratamiento de adenomas y carcinomas T1 con éxito y también para T2 y T3 después de tratamiento neoadyuvante.  El uso de estas técnicas se está intentado extender para poder realizar escisiones más amplias como la escisión mesorrectal total por vía transanal. De momento se ha conseguido con éxito realizar la escisión mesorrectal total transanal con asistencia laparoscópica y se está investigando con modelos animales y cadáveres realizar una auténtica cirugía endoscópica transluminal por orificio natural (NOTES) sin la necesidad de utilizar asistencia laparoscópica.  Cáncer de recto; Microcirugía endoscópica transanal; Cirugía endoscópica transanal mínimamente invasiva; Escisión mesorrectal total transanal</subfield>
        </datafield>
        <datafield tag="521" ind1=" " ind2=" ">
            <subfield code="a">Graduado en Medicina</subfield>
        </datafield>
        <datafield tag="540" ind1=" " ind2=" ">
            <subfield code="a">Derechos regulados por licencia Creative Commons</subfield>
        </datafield>
        <datafield tag="700" ind1=" " ind2=" ">
            <subfield code="a">Aguilella Diago, Vicente</subfield>
            <subfield code="e">dir.</subfield>
        </datafield>
        <datafield tag="710" ind1="2" ind2=" ">
            <subfield code="a">Universidad de Zaragoza</subfield>
            <subfield code="b">Cirugía, Ginecología y Obstetricia</subfield>
            <subfield code="c">Cirugía</subfield>
        </datafield>
        <datafield tag="856" ind1="0" ind2=" ">
            <subfield code="f">608206@celes.unizar.es</subfield>
        </datafield>
        <datafield tag="856" ind1="4" ind2=" ">
            <subfield code="s">688365</subfield>
            <subfield code="u">http://zaguan.unizar.es/record/47990/files/TAZ-TFG-2015-854.pdf</subfield>
            <subfield code="y">Memoria (spa)</subfield>
        </datafield>
        <datafield tag="909" ind1="C" ind2="O">
            <subfield code="o">oai:zaguan.unizar.es:47990</subfield>
            <subfield code="p">driver</subfield>
            <subfield code="p">trabajos-fin-grado</subfield>
        </datafield>
        <datafield tag="950" ind1=" " ind2=" ">
            <subfield code="a"></subfield>
        </datafield>
        <datafield tag="951" ind1=" " ind2=" ">
            <subfield code="a">deposita:2016-03-03</subfield>
        </datafield>
        <datafield tag="980" ind1=" " ind2=" ">
            <subfield code="a">TAZ</subfield>
            <subfield code="b">TFG</subfield>
            <subfield code="c">MED</subfield>
        </datafield>
    </record>

    
</collection>